<?xml version="1.0" encoding="UTF-8"?>
<collection xmlns="http://www.loc.gov/MARC21/slim">
 <record>
  <leader>09395cam a2201705   4500</leader>
  <controlfield tag="001">1645006646</controlfield>
  <controlfield tag="003">DE-627</controlfield>
  <controlfield tag="005">20240214080328.0</controlfield>
  <controlfield tag="007">tu</controlfield>
  <controlfield tag="008">181205s2018    fr ||||| m    00| ||fre c</controlfield>
  <datafield tag="020" ind1=" " ind2=" ">
   <subfield code="a">9782735124411</subfield>
   <subfield code="9">978-2-7351-2441-1</subfield>
  </datafield>
  <datafield tag="035" ind1=" " ind2=" ">
   <subfield code="a">(DE-627)1645006646</subfield>
  </datafield>
  <datafield tag="035" ind1=" " ind2=" ">
   <subfield code="a">(DE-576)514858184</subfield>
  </datafield>
  <datafield tag="035" ind1=" " ind2=" ">
   <subfield code="a">(DE-599)BSZ514858184</subfield>
  </datafield>
  <datafield tag="035" ind1=" " ind2=" ">
   <subfield code="a">(OCoLC)1099414881</subfield>
  </datafield>
  <datafield tag="035" ind1=" " ind2=" ">
   <subfield code="a">(DE-604)BV045308681</subfield>
  </datafield>
  <datafield tag="035" ind1=" " ind2=" ">
   <subfield code="a">(ZDB-21-EIL)4422228</subfield>
  </datafield>
  <datafield tag="040" ind1=" " ind2=" ">
   <subfield code="a">DE-627</subfield>
   <subfield code="b">ger</subfield>
   <subfield code="c">DE-627</subfield>
   <subfield code="e">rda</subfield>
  </datafield>
  <datafield tag="041" ind1=" " ind2=" ">
   <subfield code="a">fre</subfield>
  </datafield>
  <datafield tag="044" ind1=" " ind2=" ">
   <subfield code="c">XA-FR</subfield>
  </datafield>
  <datafield tag="050" ind1=" " ind2="0">
   <subfield code="a">N</subfield>
  </datafield>
  <datafield tag="082" ind1="0" ind2=" ">
   <subfield code="a">709.045</subfield>
   <subfield code="q">DE-101</subfield>
  </datafield>
  <datafield tag="082" ind1="0" ind2=" ">
   <subfield code="a">709</subfield>
   <subfield code="2">14</subfield>
  </datafield>
  <datafield tag="082" ind1="0" ind2="4">
   <subfield code="a">700</subfield>
   <subfield code="a">940</subfield>
   <subfield code="q">DE-101</subfield>
  </datafield>
  <datafield tag="084" ind1=" " ind2=" ">
   <subfield code="a">RA04.06</subfield>
   <subfield code="2">fivr</subfield>
  </datafield>
  <datafield tag="084" ind1=" " ind2=" ">
   <subfield code="a">RA05.02</subfield>
   <subfield code="2">fivr</subfield>
  </datafield>
  <datafield tag="084" ind1=" " ind2=" ">
   <subfield code="a">RA05.03</subfield>
   <subfield code="2">fivr</subfield>
  </datafield>
  <datafield tag="084" ind1=" " ind2=" ">
   <subfield code="a">RA05.11</subfield>
   <subfield code="2">fivr</subfield>
  </datafield>
  <datafield tag="084" ind1=" " ind2=" ">
   <subfield code="a">SE05</subfield>
   <subfield code="2">fivs</subfield>
  </datafield>
  <datafield tag="084" ind1=" " ind2=" ">
   <subfield code="a">KUNST</subfield>
   <subfield code="q">DE-16</subfield>
   <subfield code="2">fid</subfield>
  </datafield>
  <datafield tag="084" ind1=" " ind2=" ">
   <subfield code="a">KUNST</subfield>
   <subfield code="q">DE-14</subfield>
   <subfield code="2">fid</subfield>
  </datafield>
  <datafield tag="084" ind1=" " ind2=" ">
   <subfield code="a">LH 60230</subfield>
   <subfield code="2">rvk</subfield>
   <subfield code="0">(DE-625)rvk/94183:</subfield>
  </datafield>
  <datafield tag="084" ind1=" " ind2=" ">
   <subfield code="a">02.15</subfield>
   <subfield code="2">bkl</subfield>
  </datafield>
  <datafield tag="084" ind1=" " ind2=" ">
   <subfield code="a">02.16</subfield>
   <subfield code="2">bkl</subfield>
  </datafield>
  <datafield tag="084" ind1=" " ind2=" ">
   <subfield code="a">20.70</subfield>
   <subfield code="2">bkl</subfield>
  </datafield>
  <datafield tag="100" ind1="1" ind2=" ">
   <subfield code="a">Arnoux, Mathilde</subfield>
   <subfield code="d">1976-</subfield>
   <subfield code="e">VerfasserIn</subfield>
   <subfield code="0">(DE-588)1123525935</subfield>
   <subfield code="0">(DE-627)876728638</subfield>
   <subfield code="0">(DE-576)265152445</subfield>
   <subfield code="4">aut</subfield>
  </datafield>
  <datafield tag="245" ind1="1" ind2="3">
   <subfield code="a">La réalité en partage</subfield>
   <subfield code="b">pour une histoire des relations artistiques entre l'Est et l'Ouest en Europe pendant la guerre froide</subfield>
   <subfield code="c">Mathilde Arnoux ; préface de Jacques Leenhardt</subfield>
  </datafield>
  <datafield tag="264" ind1=" " ind2="1">
   <subfield code="a">[Paris]</subfield>
   <subfield code="b">Éditions de la Maison des Sciences de l'Homme</subfield>
   <subfield code="c">[2018]</subfield>
  </datafield>
  <datafield tag="264" ind1=" " ind2="1">
   <subfield code="a">Paris</subfield>
   <subfield code="b">Centre allemand d'histoire de l'art (DFK Paris)</subfield>
   <subfield code="c">[2018]</subfield>
  </datafield>
  <datafield tag="300" ind1=" " ind2=" ">
   <subfield code="a">XIV, 209 Seiten</subfield>
   <subfield code="b">Illustrationen</subfield>
  </datafield>
  <datafield tag="336" ind1=" " ind2=" ">
   <subfield code="a">Text</subfield>
   <subfield code="b">txt</subfield>
   <subfield code="2">rdacontent</subfield>
  </datafield>
  <datafield tag="337" ind1=" " ind2=" ">
   <subfield code="a">ohne Hilfsmittel zu benutzen</subfield>
   <subfield code="b">n</subfield>
   <subfield code="2">rdamedia</subfield>
  </datafield>
  <datafield tag="338" ind1=" " ind2=" ">
   <subfield code="a">Band</subfield>
   <subfield code="b">nc</subfield>
   <subfield code="2">rdacarrier</subfield>
  </datafield>
  <datafield tag="490" ind1="0" ind2=" ">
   <subfield code="a">Passerelles</subfield>
  </datafield>
  <datafield tag="500" ind1=" " ind2=" ">
   <subfield code="a">Includes bibliographical references and index</subfield>
  </datafield>
  <datafield tag="583" ind1="1" ind2=" ">
   <subfield code="a">Archivierung/Langzeitarchivierung gewährleistet</subfield>
   <subfield code="f">FID</subfield>
   <subfield code="2">pdager</subfield>
   <subfield code="5">DE-16</subfield>
  </datafield>
  <datafield tag="650" ind1="0" ind2="7">
   <subfield code="0">(DE-588)4075770-5</subfield>
   <subfield code="0">(DE-627)106084968</subfield>
   <subfield code="0">(DE-576)209199482</subfield>
   <subfield code="a">Ost-West-Konflikt</subfield>
   <subfield code="2">gnd</subfield>
  </datafield>
  <datafield tag="650" ind1="0" ind2="7">
   <subfield code="0">(DE-588)4069027-1</subfield>
   <subfield code="0">(DE-627)106104470</subfield>
   <subfield code="0">(DE-576)209175362</subfield>
   <subfield code="a">Auswärtige Kulturpolitik</subfield>
   <subfield code="2">gnd</subfield>
  </datafield>
  <datafield tag="650" ind1="0" ind2="7">
   <subfield code="0">(DE-588)4125698-0</subfield>
   <subfield code="0">(DE-627)104470348</subfield>
   <subfield code="0">(DE-576)209578750</subfield>
   <subfield code="a">Kultur</subfield>
   <subfield code="2">gnd</subfield>
  </datafield>
  <datafield tag="650" ind1="0" ind2="7">
   <subfield code="0">(DE-588)4165964-8</subfield>
   <subfield code="0">(DE-627)105436267</subfield>
   <subfield code="0">(DE-576)20989900X</subfield>
   <subfield code="a">Kulturaustausch</subfield>
   <subfield code="2">gnd</subfield>
  </datafield>
  <datafield tag="650" ind1="0" ind2="7">
   <subfield code="0">(DE-588)4114333-4</subfield>
   <subfield code="0">(DE-627)105822957</subfield>
   <subfield code="0">(DE-576)209483733</subfield>
   <subfield code="a">Kunst</subfield>
   <subfield code="2">gnd</subfield>
  </datafield>
  <datafield tag="650" ind1="0" ind2="7">
   <subfield code="0">(DE-588)4033423-5</subfield>
   <subfield code="0">(DE-627)106257307</subfield>
   <subfield code="0">(DE-576)209001941</subfield>
   <subfield code="a">Künstler</subfield>
   <subfield code="2">gnd</subfield>
  </datafield>
  <datafield tag="651" ind1=" " ind2="7">
   <subfield code="0">(DE-588)4018145-5</subfield>
   <subfield code="0">(DE-627)106327232</subfield>
   <subfield code="0">(DE-576)208922857</subfield>
   <subfield code="a">Frankreich</subfield>
   <subfield code="2">gnd</subfield>
  </datafield>
  <datafield tag="651" ind1=" " ind2="7">
   <subfield code="0">(DE-588)4011889-7</subfield>
   <subfield code="0">(DE-627)104732423</subfield>
   <subfield code="0">(DE-576)208896201</subfield>
   <subfield code="a">Deutschland</subfield>
   <subfield code="g">Bundesrepublik</subfield>
   <subfield code="2">gnd</subfield>
  </datafield>
  <datafield tag="651" ind1=" " ind2="7">
   <subfield code="0">(DE-588)4011890-3</subfield>
   <subfield code="0">(DE-627)104732415</subfield>
   <subfield code="0">(DE-576)20889621X</subfield>
   <subfield code="a">Deutschland</subfield>
   <subfield code="g">DDR</subfield>
   <subfield code="2">gnd</subfield>
  </datafield>
  <datafield tag="651" ind1=" " ind2="7">
   <subfield code="0">(DE-588)4046496-9</subfield>
   <subfield code="0">(DE-627)106197762</subfield>
   <subfield code="0">(DE-576)209069872</subfield>
   <subfield code="a">Polen</subfield>
   <subfield code="2">gnd</subfield>
  </datafield>
  <datafield tag="655" ind1=" " ind2="7">
   <subfield code="a">Hochschulschrift</subfield>
   <subfield code="0">(DE-588)4113937-9</subfield>
   <subfield code="0">(DE-627)105825778</subfield>
   <subfield code="0">(DE-576)209480580</subfield>
   <subfield code="2">gnd-content</subfield>
  </datafield>
  <datafield tag="689" ind1="0" ind2="0">
   <subfield code="d">g</subfield>
   <subfield code="0">(DE-588)4018145-5</subfield>
   <subfield code="0">(DE-627)106327232</subfield>
   <subfield code="0">(DE-576)208922857</subfield>
   <subfield code="a">Frankreich</subfield>
   <subfield code="2">gnd</subfield>
  </datafield>
  <datafield tag="689" ind1="0" ind2="1">
   <subfield code="d">g</subfield>
   <subfield code="0">(DE-588)4011889-7</subfield>
   <subfield code="0">(DE-627)104732423</subfield>
   <subfield code="0">(DE-576)208896201</subfield>
   <subfield code="a">Deutschland</subfield>
   <subfield code="g">Bundesrepublik</subfield>
   <subfield code="2">gnd</subfield>
  </datafield>
  <datafield tag="689" ind1="0" ind2="2">
   <subfield code="d">g</subfield>
   <subfield code="0">(DE-588)4011890-3</subfield>
   <subfield code="0">(DE-627)104732415</subfield>
   <subfield code="0">(DE-576)20889621X</subfield>
   <subfield code="a">Deutschland</subfield>
   <subfield code="g">DDR</subfield>
   <subfield code="2">gnd</subfield>
  </datafield>
  <datafield tag="689" ind1="0" ind2="3">
   <subfield code="d">g</subfield>
   <subfield code="0">(DE-588)4046496-9</subfield>
   <subfield code="0">(DE-627)106197762</subfield>
   <subfield code="0">(DE-576)209069872</subfield>
   <subfield code="a">Polen</subfield>
   <subfield code="2">gnd</subfield>
  </datafield>
  <datafield tag="689" ind1="0" ind2="4">
   <subfield code="d">s</subfield>
   <subfield code="0">(DE-588)4114333-4</subfield>
   <subfield code="0">(DE-627)105822957</subfield>
   <subfield code="0">(DE-576)209483733</subfield>
   <subfield code="a">Kunst</subfield>
   <subfield code="2">gnd</subfield>
  </datafield>
  <datafield tag="689" ind1="0" ind2="5">
   <subfield code="d">s</subfield>
   <subfield code="0">(DE-588)4033569-0</subfield>
   <subfield code="0">(DE-627)106256653</subfield>
   <subfield code="0">(DE-576)209002654</subfield>
   <subfield code="a">Kulturkontakt</subfield>
   <subfield code="2">gnd</subfield>
  </datafield>
  <datafield tag="689" ind1="0" ind2="5">
   <subfield code="d">s</subfield>
   <subfield code="0">(DE-588)4075770-5</subfield>
   <subfield code="0">(DE-627)106084968</subfield>
   <subfield code="0">(DE-576)209199482</subfield>
   <subfield code="a">Ost-West-Konflikt</subfield>
   <subfield code="2">gnd</subfield>
  </datafield>
  <datafield tag="689" ind1="0" ind2="5">
   <subfield code="a">z</subfield>
   <subfield code="2">gnd</subfield>
   <subfield code="a">Geschichte 1960-1989</subfield>
  </datafield>
  <datafield tag="689" ind1="0" ind2=" ">
   <subfield code="5">DE-101</subfield>
  </datafield>
  <datafield tag="689" ind1="1" ind2="0">
   <subfield code="d">g</subfield>
   <subfield code="0">(DE-588)4075739-0</subfield>
   <subfield code="0">(DE-627)104174803</subfield>
   <subfield code="0">(DE-576)209199261</subfield>
   <subfield code="a">Osteuropa</subfield>
   <subfield code="2">gnd</subfield>
  </datafield>
  <datafield tag="689" ind1="1" ind2="1">
   <subfield code="d">g</subfield>
   <subfield code="0">(DE-588)4079215-8</subfield>
   <subfield code="0">(DE-627)106075209</subfield>
   <subfield code="0">(DE-576)209211490</subfield>
   <subfield code="a">Westeuropa</subfield>
   <subfield code="2">gnd</subfield>
  </datafield>
  <datafield tag="689" ind1="1" ind2="2">
   <subfield code="d">s</subfield>
   <subfield code="0">(DE-588)4114333-4</subfield>
   <subfield code="0">(DE-627)105822957</subfield>
   <subfield code="0">(DE-576)209483733</subfield>
   <subfield code="a">Kunst</subfield>
   <subfield code="2">gnd</subfield>
  </datafield>
  <datafield tag="689" ind1="1" ind2="3">
   <subfield code="d">s</subfield>
   <subfield code="0">(DE-588)4145198-3</subfield>
   <subfield code="0">(DE-627)105592722</subfield>
   <subfield code="0">(DE-576)209739614</subfield>
   <subfield code="a">Beziehung</subfield>
   <subfield code="2">gnd</subfield>
  </datafield>
  <datafield tag="689" ind1="1" ind2="4">
   <subfield code="a">z</subfield>
   <subfield code="2">gnd</subfield>
   <subfield code="a">Geschichte 1960-1980</subfield>
  </datafield>
  <datafield tag="689" ind1="1" ind2=" ">
   <subfield code="5">(DE-627)</subfield>
  </datafield>
  <datafield tag="689" ind1="2" ind2="0">
   <subfield code="d">g</subfield>
   <subfield code="0">(DE-588)4018145-5</subfield>
   <subfield code="0">(DE-627)106327232</subfield>
   <subfield code="0">(DE-576)208922857</subfield>
   <subfield code="a">Frankreich</subfield>
   <subfield code="2">gnd</subfield>
  </datafield>
  <datafield tag="689" ind1="2" ind2="1">
   <subfield code="d">g</subfield>
   <subfield code="0">(DE-588)4011889-7</subfield>
   <subfield code="0">(DE-627)104732423</subfield>
   <subfield code="0">(DE-576)208896201</subfield>
   <subfield code="a">Deutschland</subfield>
   <subfield code="g">Bundesrepublik</subfield>
   <subfield code="2">gnd</subfield>
  </datafield>
  <datafield tag="689" ind1="2" ind2="2">
   <subfield code="d">g</subfield>
   <subfield code="0">(DE-588)4011890-3</subfield>
   <subfield code="0">(DE-627)104732415</subfield>
   <subfield code="0">(DE-576)20889621X</subfield>
   <subfield code="a">Deutschland</subfield>
   <subfield code="g">DDR</subfield>
   <subfield code="2">gnd</subfield>
  </datafield>
  <datafield tag="689" ind1="2" ind2="3">
   <subfield code="d">g</subfield>
   <subfield code="0">(DE-588)4046496-9</subfield>
   <subfield code="0">(DE-627)106197762</subfield>
   <subfield code="0">(DE-576)209069872</subfield>
   <subfield code="a">Polen</subfield>
   <subfield code="2">gnd</subfield>
  </datafield>
  <datafield tag="689" ind1="2" ind2="4">
   <subfield code="d">s</subfield>
   <subfield code="0">(DE-588)4044123-4</subfield>
   <subfield code="0">(DE-627)106207156</subfield>
   <subfield code="0">(DE-576)209059060</subfield>
   <subfield code="a">Ost-West-Beziehungen</subfield>
   <subfield code="2">gnd</subfield>
  </datafield>
  <datafield tag="689" ind1="2" ind2="5">
   <subfield code="d">s</subfield>
   <subfield code="0">(DE-588)4114333-4</subfield>
   <subfield code="0">(DE-627)105822957</subfield>
   <subfield code="0">(DE-576)209483733</subfield>
   <subfield code="a">Kunst</subfield>
   <subfield code="2">gnd</subfield>
  </datafield>
  <datafield tag="689" ind1="2" ind2="6">
   <subfield code="d">s</subfield>
   <subfield code="0">(DE-588)4208853-7</subfield>
   <subfield code="0">(DE-627)105109045</subfield>
   <subfield code="0">(DE-576)210188367</subfield>
   <subfield code="a">Kunstbetrieb</subfield>
   <subfield code="2">gnd</subfield>
  </datafield>
  <datafield tag="689" ind1="2" ind2="7">
   <subfield code="a">z</subfield>
   <subfield code="2">gnd</subfield>
   <subfield code="a">Geschichte 1960-1989</subfield>
  </datafield>
  <datafield tag="689" ind1="2" ind2=" ">
   <subfield code="5">(DE-627)</subfield>
  </datafield>
  <datafield tag="700" ind1="1" ind2=" ">
   <subfield code="a">Leenhardt, Jacques</subfield>
   <subfield code="d">1942-</subfield>
   <subfield code="e">VerfasserIn eines Vorworts</subfield>
   <subfield code="0">(DE-588)121242811</subfield>
   <subfield code="0">(DE-627)081177135</subfield>
   <subfield code="0">(DE-576)292603819</subfield>
   <subfield code="4">wpr</subfield>
  </datafield>
  <datafield tag="710" ind1="2" ind2=" ">
   <subfield code="a">Deutsches Forum für Kunstgeschichte Paris</subfield>
   <subfield code="e">Herausgebendes Organ</subfield>
   <subfield code="0">(DE-588)10000955-4</subfield>
   <subfield code="0">(DE-627)318908778</subfield>
   <subfield code="0">(DE-576)197995578</subfield>
   <subfield code="4">isb</subfield>
  </datafield>
  <datafield tag="787" ind1="0" ind2="8">
   <subfield code="i">Rezensiert in</subfield>
   <subfield code="a">Milbach, Juliette</subfield>
   <subfield code="t">[Rezension von: Mathilde Arnoux, La réalité en partage. Pour une histoire des relations artistiques entre l'Est et l'Ouest en Europe]</subfield>
   <subfield code="d">2019</subfield>
   <subfield code="w">(DE-627)1801890234</subfield>
  </datafield>
  <datafield tag="856" ind1="4" ind2="2">
   <subfield code="u">https://swbplus.bsz-bw.de/bsz514858184inh.htm</subfield>
   <subfield code="m">V:DE-576;B:DE-14</subfield>
   <subfield code="q">application/pdf</subfield>
   <subfield code="v">20190123153027</subfield>
   <subfield code="3">Inhaltsverzeichnis</subfield>
  </datafield>
  <datafield tag="856" ind1="4" ind2="2">
   <subfield code="u">http://www.gbv.de/dms/art-berlin/1041439512.pdf</subfield>
   <subfield code="m">V:DE-601</subfield>
   <subfield code="m">B:DE-B11</subfield>
   <subfield code="q">application/pdf</subfield>
   <subfield code="v">2019-02-07</subfield>
   <subfield code="x">Verlag</subfield>
   <subfield code="y">Inhaltsverzeichnis</subfield>
   <subfield code="3">Inhaltsverzeichnis</subfield>
  </datafield>
  <datafield tag="889" ind1=" " ind2=" ">
   <subfield code="w">(DE-627)1041439512</subfield>
  </datafield>
  <datafield tag="935" ind1=" " ind2=" ">
   <subfield code="i">mdedup</subfield>
  </datafield>
  <datafield tag="936" ind1="r" ind2="v">
   <subfield code="a">LH 60230</subfield>
   <subfield code="b">19. und 20. Jahrhundert</subfield>
   <subfield code="k">Kunstgeschichte</subfield>
   <subfield code="k">Allgemeines. Allgemeine Kunstgeschichte</subfield>
   <subfield code="k">Bildende Kunst in Staat und Gesellschaft</subfield>
   <subfield code="k">Kunstsoziologie (sämtlicher oder mehrerer Kunstgattungen) Soziologie des Künstlers</subfield>
   <subfield code="k">Neuzeit</subfield>
   <subfield code="k">19. und 20. Jahrhundert</subfield>
   <subfield code="0">(DE-627)1270642022</subfield>
   <subfield code="0">(DE-625)rvk/94183:</subfield>
   <subfield code="0">(DE-576)200642022</subfield>
  </datafield>
  <datafield tag="936" ind1="b" ind2="k">
   <subfield code="a">02.15</subfield>
   <subfield code="j">Wissenschaftspolitik</subfield>
   <subfield code="j">Kulturpolitik</subfield>
   <subfield code="0">(DE-627)106412582</subfield>
  </datafield>
  <datafield tag="936" ind1="b" ind2="k">
   <subfield code="a">02.16</subfield>
   <subfield code="j">Wissenschaftliche und kulturelle Zusammenarbeit</subfield>
   <subfield code="0">(DE-627)106403427</subfield>
  </datafield>
  <datafield tag="936" ind1="b" ind2="k">
   <subfield code="a">20.70</subfield>
   <subfield code="j">Europäische Kunst: Allgemeines</subfield>
   <subfield code="0">(DE-627)106406566</subfield>
  </datafield>
  <datafield tag="936" ind1="f" ind2="i">
   <subfield code="0">(DE-627)1756131651</subfield>
   <subfield code="a">RA04.06</subfield>
   <subfield code="b">Frankreich</subfield>
   <subfield code="k">Europa</subfield>
   <subfield code="k">Westeuropa</subfield>
   <subfield code="k">Frankreich</subfield>
   <subfield code="2">fivr</subfield>
  </datafield>
  <datafield tag="936" ind1="f" ind2="i">
   <subfield code="0">(DE-627)1756131686</subfield>
   <subfield code="a">RA05.02</subfield>
   <subfield code="b">Bundesrepublik Deutschland</subfield>
   <subfield code="k">Europa</subfield>
   <subfield code="k">Mitteleuropa</subfield>
   <subfield code="k">Bundesrepublik Deutschland</subfield>
   <subfield code="2">fivr</subfield>
  </datafield>
  <datafield tag="936" ind1="f" ind2="i">
   <subfield code="0">(DE-627)1756131694</subfield>
   <subfield code="a">RA05.03</subfield>
   <subfield code="b">Deutsche Demokratische Republik</subfield>
   <subfield code="k">Europa</subfield>
   <subfield code="k">Mitteleuropa</subfield>
   <subfield code="k">Deutsche Demokratische Republik</subfield>
   <subfield code="2">fivr</subfield>
  </datafield>
  <datafield tag="936" ind1="f" ind2="i">
   <subfield code="0">(DE-627)1756131716</subfield>
   <subfield code="a">RA05.11</subfield>
   <subfield code="b">Polen</subfield>
   <subfield code="k">Europa</subfield>
   <subfield code="k">Mitteleuropa</subfield>
   <subfield code="k">Polen</subfield>
   <subfield code="2">fivr</subfield>
  </datafield>
  <datafield tag="936" ind1="f" ind2="i">
   <subfield code="0">(DE-627)1756135703</subfield>
   <subfield code="a">SE05</subfield>
   <subfield code="b">Kulturaustausch/Kulturkontakt</subfield>
   <subfield code="k">Internationale Kulturbeziehungen</subfield>
   <subfield code="k">Kulturaustausch/Kulturkontakt</subfield>
   <subfield code="2">fivs</subfield>
  </datafield>
  <datafield tag="936" ind1="f" ind2="i">
   <subfield code="a">ZGA530</subfield>
   <subfield code="b">Deutsch-französische Kulturbeziehungen</subfield>
   <subfield code="k">Deutsch-französische Kulturbeziehungen</subfield>
   <subfield code="q">DE-Lg3</subfield>
   <subfield code="2">fivw</subfield>
  </datafield>
  <datafield tag="936" ind1="f" ind2="i">
   <subfield code="a">ZHA021</subfield>
   <subfield code="b">Bilaterale Kulturbeziehungen</subfield>
   <subfield code="k">Bilaterale Kulturbeziehungen</subfield>
   <subfield code="q">DE-212</subfield>
   <subfield code="2">fivw</subfield>
  </datafield>
  <datafield tag="938" ind1="1" ind2="0">
   <subfield code="0">(DE-627)1756148325</subfield>
   <subfield code="0">(DE-615)6603106</subfield>
   <subfield code="a">Frankreich</subfield>
   <subfield code="2">fivt</subfield>
  </datafield>
  <datafield tag="938" ind1="1" ind2="0">
   <subfield code="0">(DE-627)1756231893</subfield>
   <subfield code="0">(DE-615)6601028</subfield>
   <subfield code="a">Bundesrepublik Deutschland (1949-1990)</subfield>
   <subfield code="2">fivt</subfield>
  </datafield>
  <datafield tag="938" ind1="1" ind2="0">
   <subfield code="0">(DE-627)1756148260</subfield>
   <subfield code="0">(DE-615)6603012</subfield>
   <subfield code="a">Deutsche Demokratische Republik</subfield>
   <subfield code="2">fivt</subfield>
  </datafield>
  <datafield tag="938" ind1="1" ind2="0">
   <subfield code="0">(DE-627)1756150702</subfield>
   <subfield code="0">(DE-615)6602816</subfield>
   <subfield code="a">Polen</subfield>
   <subfield code="2">fivt</subfield>
  </datafield>
  <datafield tag="938" ind1="1" ind2="0">
   <subfield code="0">(DE-627)1756210802</subfield>
   <subfield code="0">(DE-615)6605438</subfield>
   <subfield code="a">Kalter Krieg (Ost-West-Konflikt)</subfield>
   <subfield code="2">fivt</subfield>
  </datafield>
  <datafield tag="938" ind1="1" ind2="0">
   <subfield code="0">(DE-627)1756214654</subfield>
   <subfield code="0">(DE-615)6600155</subfield>
   <subfield code="a">Auswärtige Kulturpolitik</subfield>
   <subfield code="2">fivt</subfield>
  </datafield>
  <datafield tag="938" ind1="1" ind2="0">
   <subfield code="0">(DE-627)1756212066</subfield>
   <subfield code="0">(DE-615)6600222</subfield>
   <subfield code="a">Kultur</subfield>
   <subfield code="2">fivt</subfield>
  </datafield>
  <datafield tag="938" ind1="1" ind2="0">
   <subfield code="0">(DE-627)1756171785</subfield>
   <subfield code="0">(DE-615)6609958</subfield>
   <subfield code="a">Kulturaustausch</subfield>
   <subfield code="2">fivt</subfield>
  </datafield>
  <datafield tag="938" ind1="1" ind2="0">
   <subfield code="0">(DE-627)1756210861</subfield>
   <subfield code="0">(DE-615)6605413</subfield>
   <subfield code="a">Kunst</subfield>
   <subfield code="2">fivt</subfield>
  </datafield>
  <datafield tag="938" ind1="1" ind2="0">
   <subfield code="0">(DE-627)1756221081</subfield>
   <subfield code="0">(DE-615)6601597</subfield>
   <subfield code="a">Künstler</subfield>
   <subfield code="2">fivt</subfield>
  </datafield>
  <datafield tag="938" ind1="1" ind2="1">
   <subfield code="0">(DE-627)175620649X</subfield>
   <subfield code="0">(DE-615)6610073</subfield>
   <subfield code="a">Westeuropa (politisch)</subfield>
   <subfield code="2">fiva</subfield>
  </datafield>
  <datafield tag="938" ind1="1" ind2="1">
   <subfield code="0">(DE-627)1756207119</subfield>
   <subfield code="0">(DE-615)6610150</subfield>
   <subfield code="a">Osteuropa (politisch)</subfield>
   <subfield code="2">fiva</subfield>
  </datafield>
  <datafield tag="938" ind1="1" ind2="1">
   <subfield code="0">(DE-627)1756198705</subfield>
   <subfield code="0">(DE-615)6600792</subfield>
   <subfield code="a">Ideologisch-kulturelle Faktoren der Außenpolitik</subfield>
   <subfield code="2">fiva</subfield>
  </datafield>
  <datafield tag="938" ind1="1" ind2="1">
   <subfield code="0">(DE-627)1756160279</subfield>
   <subfield code="0">(DE-615)6602242</subfield>
   <subfield code="a">Außenkulturarbeit</subfield>
   <subfield code="2">fiva</subfield>
  </datafield>
  <datafield tag="938" ind1="1" ind2="1">
   <subfield code="0">(DE-627)1756167567</subfield>
   <subfield code="0">(DE-615)6604742</subfield>
   <subfield code="a">Internationale kulturelle Zusammenarbeit</subfield>
   <subfield code="2">fiva</subfield>
  </datafield>
  <datafield tag="938" ind1="1" ind2="1">
   <subfield code="0">(DE-627)1756169527</subfield>
   <subfield code="0">(DE-615)6606027</subfield>
   <subfield code="a">Internationale projektbezogene Zusammenarbeit</subfield>
   <subfield code="2">fiva</subfield>
  </datafield>
  <datafield tag="938" ind1="1" ind2="1">
   <subfield code="0">(DE-627)1756190798</subfield>
   <subfield code="0">(DE-615)6607511</subfield>
   <subfield code="a">Interkulturelle Beziehungen</subfield>
   <subfield code="2">fiva</subfield>
  </datafield>
  <datafield tag="938" ind1="1" ind2="1">
   <subfield code="0">(DE-627)1756167702</subfield>
   <subfield code="0">(DE-615)6604762</subfield>
   <subfield code="a">Kulturelle Einrichtung</subfield>
   <subfield code="2">fiva</subfield>
  </datafield>
  <datafield tag="938" ind1="1" ind2="1">
   <subfield code="0">(DE-627)1756172722</subfield>
   <subfield code="0">(DE-615)6607768</subfield>
   <subfield code="a">Museum</subfield>
   <subfield code="2">fiva</subfield>
  </datafield>
  <datafield tag="938" ind1="1" ind2="1">
   <subfield code="0">(DE-627)1756175721</subfield>
   <subfield code="0">(DE-615)6605032</subfield>
   <subfield code="a">Kulturgeschichte</subfield>
   <subfield code="2">fiva</subfield>
  </datafield>
  <datafield tag="938" ind1="1" ind2="1">
   <subfield code="0">(DE-627)1756165971</subfield>
   <subfield code="0">(DE-615)6602019</subfield>
   <subfield code="a">Rezeption</subfield>
   <subfield code="2">fiva</subfield>
  </datafield>
  <datafield tag="938" ind1="1" ind2="1">
   <subfield code="a">Restany, Pierre</subfield>
   <subfield code="2">fiva</subfield>
  </datafield>
  <datafield tag="951" ind1=" " ind2=" ">
   <subfield code="a">BO</subfield>
  </datafield>
  <datafield tag="990" ind1=" " ind2=" ">
   <subfield code="a">Frankreich</subfield>
  </datafield>
  <datafield tag="990" ind1=" " ind2=" ">
   <subfield code="a">Deutschland</subfield>
  </datafield>
  <datafield tag="990" ind1=" " ind2=" ">
   <subfield code="a">Deutschland</subfield>
  </datafield>
  <datafield tag="990" ind1=" " ind2=" ">
   <subfield code="a">Polen</subfield>
  </datafield>
  <datafield tag="990" ind1=" " ind2=" ">
   <subfield code="a">Kunst</subfield>
  </datafield>
  <datafield tag="990" ind1=" " ind2=" ">
   <subfield code="a">Kulturkontakt</subfield>
  </datafield>
  <datafield tag="990" ind1=" " ind2=" ">
   <subfield code="a">Ost-West-Konflikt</subfield>
  </datafield>
  <datafield tag="990" ind1=" " ind2=" ">
   <subfield code="a">Geschichte 1960-1989</subfield>
  </datafield>
  <datafield tag="990" ind1=" " ind2=" ">
   <subfield code="a">Osteuropa</subfield>
  </datafield>
  <datafield tag="990" ind1=" " ind2=" ">
   <subfield code="a">Westeuropa</subfield>
  </datafield>
  <datafield tag="990" ind1=" " ind2=" ">
   <subfield code="a">Kunst</subfield>
  </datafield>
  <datafield tag="990" ind1=" " ind2=" ">
   <subfield code="a">Beziehung</subfield>
  </datafield>
  <datafield tag="990" ind1=" " ind2=" ">
   <subfield code="a">Geschichte 1960-1980</subfield>
  </datafield>
  <datafield tag="990" ind1=" " ind2=" ">
   <subfield code="a">Frankreich</subfield>
  </datafield>
  <datafield tag="990" ind1=" " ind2=" ">
   <subfield code="a">Deutschland</subfield>
  </datafield>
  <datafield tag="990" ind1=" " ind2=" ">
   <subfield code="a">Deutschland</subfield>
  </datafield>
  <datafield tag="990" ind1=" " ind2=" ">
   <subfield code="a">Polen</subfield>
  </datafield>
  <datafield tag="990" ind1=" " ind2=" ">
   <subfield code="a">Ost-West-Beziehungen</subfield>
  </datafield>
  <datafield tag="990" ind1=" " ind2=" ">
   <subfield code="a">Kunst</subfield>
  </datafield>
  <datafield tag="990" ind1=" " ind2=" ">
   <subfield code="a">Kunstbetrieb</subfield>
  </datafield>
  <datafield tag="990" ind1=" " ind2=" ">
   <subfield code="a">Geschichte 1960-1989</subfield>
  </datafield>
  <datafield tag="991" ind1=" " ind2=" ">
   <subfield code="a">Rezensiertes Werk</subfield>
  </datafield>
  <datafield tag="999" ind1=" " ind2=" ">
   <subfield code="a">KXP-PPN1645006646</subfield>
   <subfield code="e">4153439789</subfield>
  </datafield>
 </record>
</collection>
